Global market perspective (Record no. 114309)
[ view plain ]
| 000 -LEADER | |
|---|---|
| fixed length control field | 01641cad a22002415a 4500 |
| 001 - CONTROL NUMBER | |
| control field | L156595 |
| 008 - FIXED-LENGTH DATA ELEMENTS--GENERAL INFORMATION | |
| fixed length control field | 120611s2012 xxk 000 0 eng d |
| 035 ## - SYSTEM CONTROL NUMBER | |
| System control number | (Sirsi) u156595 |
| 041 0# - LANGUAGE CODE | |
| Language code of text/sound track or separate title | eng |
| 110 2# - MAIN ENTRY--CORPORATE NAME | |
| Corporate name or jurisdiction name as entry element | Jones Lang LaSalle |
| 9 (RLIN) | 3755 |
| 245 00 - TITLE STATEMENT | |
| Title | Global market perspective |
| Remainder of title | Q2 2012 |
| Medium | [electronic resource] |
| 260 ## - PUBLICATION, DISTRIBUTION, ETC. | |
| Place of publication, distribution, etc. | [S.l.] |
| Name of publisher, distributor, etc. | Jones Lang LaSalle |
| Date of publication, distribution, etc. | 2012 |
| 490 ## - SERIES STATEMENT | |
| Series statement | Jones Lang LaSalle Global Market Perspective Global Foresight Series |
| Volume/sequential designation | Q2 2012 |
| 520 ## - SUMMARY, ETC. | |
| Summary, etc. | The world's major commercial real estate markets have been in recovery mode since the crisis of 2008/2009, with 2011 having shown the strongest evidence of an upswing so far. Q1 2012 market data suggests a slowing market with investment and leasing volumes down by about one-fifth on a year ago. A more positive outlook for the global economy; a significant weight of capital targeting commercial real estate; and a strong pipeline of deal, however, all indicate that the global real estate markets will continue a measured recovery during the rest of 2012. |
| 520 ## - SUMMARY, ETC. | |
| Summary, etc. | Global economy -- global property -- global real estate health monitor -- real estate capital -- corporate occupiers -- office markets -- retail markets --industrial warehousing markets -- hotel markets -- residential markets -- recent key transactions. |
| 590 ## - LOCAL NOTE (RLIN) | |
| Local note | KA |
| 650 24 - SUBJECT ADDED ENTRY--TOPICAL TERM | |
| Topical term or geographic name entry element | JONES LANG LASALLE GLOBAL MARKET PERSPECTIVE |
| 651 #4 - SUBJECT ADDED ENTRY--GEOGRAPHIC NAME | |
| Geographic name | International |
| 690 ## - LOCAL SUBJECT ADDED ENTRY--TOPICAL TERM (OCLC, RLIN) | |
| Topical term or geographic name as entry element | Commercial property |
| 9 (RLIN) | 6227 |
| 690 ## - LOCAL SUBJECT ADDED ENTRY--TOPICAL TERM (OCLC, RLIN) | |
| Topical term or geographic name as entry element | Residential property |
| 9 (RLIN) | 6266 |
| 856 40 - ELECTRONIC LOCATION AND ACCESS | |
| Uniform Resource Identifier | <a href="https://www.jll.ca/canada/en-ca/Research/Global-Market-Perspective-Q2-2012.pdf">https://www.jll.ca/canada/en-ca/Research/Global-Market-Perspective-Q2-2012.pdf</a> |
| Public note | View the report free of charge at www.jll.ca |
| 942 ## - ADDED ENTRY ELEMENTS (KOHA) | |
| Suppress in OPAC | 0 |
| Withdrawn status | Lost status | Source of classification or shelving scheme | Damaged status | Not for loan | Home library | Current library | Shelving location | Date acquired | Total Checkouts | Full call number | Barcode | Date last seen | Copy number | Price effective from | Koha item type |
|---|---|---|---|---|---|---|---|---|---|---|---|---|---|---|---|
| Dewey Decimal Classification | Virtual | Virtual | Online | 11/06/2012 | ONLINE PUBLICATION | 156595-2001 | 06/08/2019 | 1 | 06/08/2019 | Book |